000 00581nam a22002057a 4500
001 00028465
005 20260305182939.0
008 260305b ag ||||| |||| 00| 0 spa d
022 _a9502307747
040 _bspa
_cAR-CcCEOS
080 _a159.9:331
090 _bFIL
100 _aGraciela Filippi
_9771
245 _aEl aporte de la psicologĂ­a del trabajo :
_ba los procesos de mejora organizacional /
_cGraciela Filippi
250 _a3a ed.
260 _aBuenos Aires :
_bEudeba,
_cc1998.
300 _a93 p. ;
_c19x13 cm.
650 0 _apsicologĂ­a
942 _2udc
_cBK
999 _c28491
_d28491
945 _a66467
_bMelina Rolando
_c66467
_dMelina Rolando